| 000 | 00382nam a2200157Ia 4500 | ||
|---|---|---|---|
| 003 | 0STCL | ||
| 008 | 150530s9999 xx 000 0 und d | ||
| 040 |
_aSTCL _cSTCL |
||
| 100 | _aSastry,N.S.R. Ed | ||
| 245 | _aReserve Bank of India Bullettin vol-19 | ||
| 260 |
_bReserve Bank of India _c1965 |
||
| 546 | _aEnglish | ||
| 942 |
_2ddc _cBK |
||
| 999 |
_c5733 _d5733 |
||
| 005 | 20220125165418.0 | ||